New Zealand

Enregistré dans:
Détails bibliographiques
Format: Livre
Langue:anglais
Publié: Paris OECD 2011
Collection:OECD economic surveys
Sujets:
Tags: Ajouter un tag
Pas de tags, Soyez le premier à ajouter un tag!

MARC

LEADER 00000nam a2200000 4500
001 0143516
005 20240315120956.0
020 |a 978-92-64-09316-4 
022 |a 1995-3100 
041 0 |a eng 
044 |a FR 
245 1 0 |a New Zealand 
264 1 |a Paris  |b OECD  |c 2011 
300 |a 167 s. 
490 1 |a OECD economic surveys 
830 0 |a OECD economic surveys 
610 2 0 |a vývoj hospodársky 
610 2 0 |a makroekonomika 
610 2 0 |a politika menová 
610 2 0 |a investície 
610 2 0 |a inflácia 
610 2 0 |a politika fiškálna 
610 2 0 |a reformy štruktúrne 
610 2 0 |a trh bytový 
610 2 0 |a dopyt 
610 2 0 |a politika daňová 
610 2 0 |a trh výrobkov 
610 2 0 |a zmeny klimatické 
610 2 0 |a emisia 
610 2 0 |a zdroje vodné 
610 2 0 |a poľnohospodárstvo 
610 2 0 |a Nový Zéland